000
00248nam a2200097Ia 4500
005
20251222114417.0
008
251222s1900||||xx |||||||||||||| ||spa||
082
_a
DVD0070/N38/2001
245
0
_a
Yo soy Sam: sólo se necesita amor:I am Sam
942
_c
DVD
999
_c
2264
_d
2264